| 000 | 00736nam a22002417a 4500 | ||
|---|---|---|---|
| 001 | 000004073 | ||
| 003 | DO-SdBNP | ||
| 005 | 20260321073644.0 | ||
| 007 | ta | ||
| 008 | 090716s1941 dr r 001 e spa d | ||
| 040 |
_aDO-SdBNP _bspa _cBNPHU |
||
| 082 | 4 |
_axxx _bL318l _222 |
|
| 100 | 1 |
_aCastellanos, Justo Pedro, _d1961- _971189 |
|
| 245 | 1 | 0 |
_aLa liberación dominicana y los congresos internacionales / _cRamón De Lara |
| 260 |
_aCaracas, Venezuela : _bActualidad, _c1941. |
||
| 300 |
_a18 p. ; _c15 cm. |
||
| 590 | _aInventariado, 2022 / DG | ||
| 600 | 1 | 0 |
_a Bosch, Juan, _d1909-2001 _976555 |
| 600 | 1 | 0 |
_a Bosch, Juan, _d1909-2001 _976555 |
| 700 | 1 |
_aVerges, Pedro, _d1945- _epról. _912149 |
|
| 910 | _aDG | ||
| 942 |
_2ddc _cLBS1 |
||
| 999 |
_c51409 _d51409 |
||